Ensuring quality in cross-border higher education implementing the UNESCO/OECD guidelines

Salvato in:
Dettagli Bibliografici
Autore principale: Lancrin, Stéphan Vincent
Altri autori: Fisher, Dara, Pfotenhauer, Sebastian
Natura: Libro
Lingua:inglese
Pubblicazione: Paris OECD 2015
Soggetti:
Tags: Aggiungi Tag
Nessun Tag, puoi essere il primo ad aggiungerne!!

MARC

LEADER 00000nam a2200000 4500
001 0213785
005 20240314122906.4
020 |a 978-92-64-24352-1 
041 0 |a eng 
044 |a FR 
245 1 0 |a Ensuring quality in cross-border higher education  |b implementing the UNESCO/OECD guidelines  |c Stéphan Vincent-Lancrin, Dara Fisher and Sebastian Pfotenhauer 
264 1 |a Paris  |b OECD  |c 2015 
300 |a 129 s. 
610 2 0 |a vzdelávanie vysokoškolské 
610 2 0 |a kvalita vzdelávania 
610 2 0 |a vzdelanie vysokoškolské 
610 2 0 |a politika vzdelávania 
100 1 |a Lancrin, Stéphan Vincent 
700 1 |a Fisher, Dara 
700 1 |a Pfotenhauer, Sebastian